000 00698nam a2200181Ia 4500
008 151202s9999||||xx |||||||||||||| ||und||
082 _bPNVM-83269
100 _aंंंंंंंंंंठाकूर अजित.
245 _aसन्स ऑफ फॉर्च्यून.
260 _bमेहता पब्लिशिंग हाऊस.
260 _c2005
300 _a496
600 _aंंंंंंंंंंठाकूर अजित.
630 _aसन्स ऑफ फॉर्च्यून.
700 _aंंंंंंंंंंठाकूर अजित.
730 _aसन्स ऑफ फॉर्च्यून.
942 _cBOOK
999 _c1348097
_d1348094